书目信息 |
| 题名: |
三字经
|
|
| 作者: | 魏雯 , 关炜炘 主编 | |
| 分册: | ||
| 出版信息: | 北京 西苑出版社 2010.09 |
|
| 页数: | 211页 | |
| 开本: | 23cm | |
| 丛书名: | ||
| 单 册: | ||
| 中图分类: | H194.1 | |
| 科图分类: | ||
| 主题词: | 古汉语--Gu Han Yu--启蒙读物 | |
| 电子资源: | ||
| ISBN: | 978-7-80210-747-2 | |
| 000 | 00830nam0 2200241 450 | |
| 001 | CAL 012010270952 | |
| 005 | 20111230090355.07 | |
| 010 | @a978-7-80210-747-2@dCNY26.80 | |
| 100 | @a20110927d2010 em y0chiy50 ea | |
| 101 | 0 | @achi |
| 102 | @aCN@b110000 | |
| 105 | @aa z 000yy | |
| 200 | 1 | @a三字经@ASan Zi Jing@f魏雯, 关炜炘主编 |
| 210 | @a北京@c西苑出版社@d2010.09 | |
| 215 | @a211页@c图@d23cm | |
| 330 | @a《三字经》是我国历史文化的宝贵遗产, 自南宋以来, 已有七百多年的历史。全书1722字, 内容涵盖教育、历史、天文、地理、伦理和道德以及一些民间传说, 广泛生动而言简意赅。 | |
| 605 | @a三字经@Asan zi jing@x译文 | |
| 606 | 0 | @a古汉语@AGu Han Yu@j启蒙读物 |
| 690 | @aH194.1@v5 | |
| 701 | 0 | @a魏雯@AWei Wen@4主编 |
| 701 | 0 | @a关炜炘@AGuan Wei 炘@4主编 |
| 801 | 0 | @aCN@bHNDDDT@c20111230 |
| 905 | @aZUCC@dH194.1@eW6031@f3 | |
| 三字经/魏雯, 关炜炘主编.-北京:西苑出版社,2010.09 |
| 211页:图;23cm |
| ISBN 978-7-80210-747-2:CNY26.80 |
| 《三字经》是我国历史文化的宝贵遗产, 自南宋以来, 已有七百多年的历史。全书1722字, 内容涵盖教育、历史、天文、地理、伦理和道德以及一些民间传说, 广泛生动而言简意赅。 |
| ● |
| 相关链接 |
|
|
|
正题名:三字经
索取号:H194.1/W6031
 
预约/预借
| 序号 | 登录号 | 条形码 | 馆藏地/架位号 | 状态 | 备注 |
| 1 | 1189996 | 211899962 | 语言库209/209语言库 77排4列5层/ [索取号:H194.1/W6031] | 在馆 | |
| 2 | 1189997 | 211899971 | 语言库209/ [索取号:H194.1/W6031] | 在馆 | |
| 3 | 1189998 | 211899980 | 语言库209/209语言库 77排4列5层/ [索取号:H194.1/W6031] | 在馆 |